000 01296cam a22003135a 4500
001 2544092
005 20160523140339.0
008 941202t1995 ne a frb 001 0 eng d
020 _a9004101888 (alk. paper)
020 _a9789004101883
040 _aDLC
_cDLC
_dDLC
_dEG-ScBUE
_beng
043 _af-ua---
082 0 4 _222
_a338.962
_bAMI
100 1 _aAmin, Galal A.,
_d1935-
245 1 0 _aEgypt's economic predicament :
_ba study in the interaction of external pressure, political folly, and social tension in Egypt, 1960-1990 /
_cby Galal A. Amin.
260 _aLeiden ;
_aNew York ;
_aKoln :
_bE. J. Brill,
_cc.1995.
300 _axiii, 146 p. :
_bill. ;
_c25 cm.
490 0 _aSocial, economic and political studies of the Middle East,
_x0085-6193 ;
_vv. 51
_aEtudes sociales, economiques et politiques du Moyen Orient ;
_vv. 51
500 _aIndex : p. 145-146.
504 _aBibliography : p. [141]-143.
650 0 _aStructural adjustment (Economic policy)
_zEgypt.
_2BUEsh
650 0 _aDebts, External
_zEgypt.
_2BUEsh
651 0 _aEgypt
_xEconomic conditions
_y1952-
_2BUEsh
651 0 _aEgypt
_xSocial conditions
_y1952-
_2BUEsh
651 0 _aEgypt
_xPolitics and government
_y1952-
_2BUEsh
_920861
653 _bBUSECO
_cMarch2016
_cMay2016
655 _vText book
_933728
942 _2ddc
999 _c21426
_d21398